IFM Opac

ESSAYS ON EMPLOYMENT (Record no. 15053)

MARC details
000 -LEADER
fixed length control field 00307nam a22001337a 4500
082 ## - DEWEY DECIMAL CLASSIFICATION NUMBER
Classification number 331.2GAL
100 ## - MAIN ENTRY--PERSONAL NAME
Personal name GALENSON, WALTER
245 ## - TITLE STATEMENT
Title ESSAYS ON EMPLOYMENT
260 ## - PUBLICATION, DISTRIBUTION, ETC.
Place of publication, distribution, etc. GENEVA
Name of publisher, distributor, etc. ILO
Date of publication, distribution, etc. 1971
300 ## - PHYSICAL DESCRIPTION
Extent V,191P
Other physical details ILL,:25CM
650 ## - SUBJECT ADDED ENTRY--TOPICAL TERM
Topical term or geographic name entry element ESSAYS ON EMPLOYMENT
700 ## - ADDED ENTRY--PERSONAL NAME
Personal name GALENSON, WALTER
942 ## - ADDED ENTRY ELEMENTS (KOHA)
Koha item type Books
Holdings
Withdrawn status Lost status Source of classification or shelving scheme Damaged status Not for loan Home library Current library Shelving location Date acquired Full call number Barcode Date last seen Price effective from Koha item type
    Dewey Decimal Classification     IFM Main Campus Library IFM Main Campus Library   01/27/2016 331.2GAL 0000009305 01/27/2016 01/27/2016 Books